logo

Bir Sreshtho Munshi Abdur Rouf Library
Jhenaidah Cadet College

A text- Book of Advanced Functional English / (Record no. 7029)

MARC details
000 -LEADER
fixed length control field 00614nam a22002297a 4500
001 - CONTROL NUMBER
JCCL Control Number 7029
003 - CONTROL NUMBER IDENTIFIER
JCCL marc code BD-JhCC
005 - DATE AND TIME OF LATEST TRANSACTION
control field 20180416095833.0
008 - FIXED-LENGTH DATA ELEMENTS--GENERAL INFORMATION
fixed length control field 180204b xxu||||| |||| 00| 0 eng d
035 ## - SYSTEM CONTROL NUMBER
system control number (BD-JhCC)7029
040 ## - CATALOGING SOURCE
Original cataloging agency BD-JhCC
Modifying agency BD-JhCC
041 ## - LANGUAGE CODE
Language code of Book eng
082 ## - DEWEY DECIMAL CLASSIFICATION NUMBER
Classification number 425
Author mark and Year ATE 1996
100 ## - MAIN ENTRY--PERSONAL NAME
Personal name Mohiuddin, A. H. M.
245 ## - TITLE STATEMENT
Title A text- Book of Advanced Functional English /
Statement of responsibility, etc A. H. M. Mohiuddin, A. F. M. Abul Kasem
260 ## - PUBLICATION, DISTRIBUTION, ETC. (IMPRINT)
Place of publication, distribution, etc Dhaka :
Name of publisher, distributor, etc Ideal Library,
Date of publication, distribution, etc 1996.
300 ## - PHYSICAL DESCRIPTION
Pagination 422 p. :
650 ## - SUBJECT ADDED ENTRY--TOPICAL TERM
Topical term or geographic name as entry element English Language
700 ## - ADDED ENTRY--PERSONAL NAME
Personal name Kasem, A. F. M. Abul
942 ## - ADDED ENTRY ELEMENTS (KOHA)
Source of classification or shelving scheme Dewey Decimal Classification
Koha item type Books
Holdings
Source of classification or shelving scheme Damaged status Not for loan Home library Current library Shelving location Date of accession Cost, normal purchase price Total Checkouts Full call number Barcode Date last seen Date checked out Copy number Koha item type
Dewey Decimal Classification     JCC Rouf Library JCC Rouf Library General Stacks 02/04/2018 260.00 1 425 KAS 1996 8631 09/25/2024 09/16/2024 C - 1 Books

JCC Library | Contacts | JCC Home

Last Update on 23 September 2017
Copyright @ 2017-2020 JCC Rouf Library
Rouf Library, Jhenidah Cadet College (JCC), Bangladesh